000 00679nam a2200253Ia 4500
003 OSt
005 20220918165230.0
006 a|||||r|||| 00| 0
007 ta
008 220917b |||||||| |||| 00| 0 eng d
020 _a185043073X (HB)
024 _a255,979
037 _cTextual
040 _aARTS
_cARTS
_beng
041 _2eng
_aeng
082 _aV657y7N09, M8
100 _aRooney David
_923349
245 0 _aKwame Nkrumah
_b the political kingdom in the third World
260 _aLondon
_bI. B. Tauris
_c1988
300 _a292p.
_ccm.
650 _aHISTORY
942 _hV657y7N09, M8
_cTEXL
_2CC
999 _c128898
_d128898